000 00390nam a2200169Ia 4500
008 210210b1947 xxu||||| |||| 00| 0 eng d
041 _aeng
082 _a942/304
100 _aWOODWARD (E L)
245 _aHistory of England
260 _aLondon
_bMethuen & Co Ltd.
_c1947
650 _aof
650 _aHistory
650 _aEngland
690 _aEuropean History
906 _a025709
999 _c151609
_d151609